|
|
|
|
| LEADER |
00000naa2a2200000 4500 |
| 001 |
428998 |
| 005 |
20231101074905.0 |
| 035 |
|
|
|a (RuTPU)RU\TPU\prd\88676
|
| 035 |
|
|
|a RU\TPU\prd\48192
|
| 090 |
|
|
|a 428998
|
| 100 |
|
|
|a 20101025a2006 k y0rusy50 ca
|
| 101 |
0 |
|
|a rus
|
| 102 |
|
|
|a RU
|
| 200 |
1 |
|
|a Вихретоковый и коэрцитиметрический контроль абразивной износостойкости шарикоподшипниковой стали ШХ15, подвергнутой лазерной и объёмной термическим обработкам
|f А. В. Макаров [и др.]
|
| 225 |
1 |
|
|a Магнитные методы
|
| 320 |
|
|
|a Библиогр.: 28 назв.
|
| 461 |
|
0 |
|0 (RuTPU)RU\TPU\prd\151
|x 0130-3082
|t Дефектоскопия
|d 1965-
|
| 463 |
|
0 |
|0 (RuTPU)RU\TPU\prd\88675
|t № 10
|v С. 3-16
|d 2006
|
| 610 |
1 |
|
|a сталь ШХ15
|
| 610 |
1 |
|
|a вихретоковый котроль
|
| 610 |
1 |
|
|a коэрцитиметрический контроль
|
| 610 |
1 |
|
|a абразивная износостойкость
|
| 610 |
1 |
|
|a шарикоподшипниковая сталь
|
| 610 |
1 |
|
|a лазерная обработка
|
| 610 |
1 |
|
|a объёмная термическая обработка
|
| 610 |
1 |
|
|a структурное состояние
|
| 610 |
1 |
|
|a объемная закалка
|
| 675 |
|
|
|a 620.179.14
|v 3
|
| 701 |
|
1 |
|a Макаров
|b А. В.
|
| 701 |
|
1 |
|a Горкунов
|b Э. С.
|
| 701 |
|
1 |
|a Коган
|b Л. Х.
|
| 701 |
|
1 |
|a Колобылин
|b Ю. М.
|
| 701 |
|
1 |
|a Осинцева
|b А. Л.
|
| 801 |
|
1 |
|a RU
|b 63413507
|c 20061213
|g PSBO
|
| 801 |
|
2 |
|a RU
|b 63413507
|c 20140205
|g PSBO
|
| 942 |
|
|
|c BK
|